000 00638nam a22001577a 4500
999 _c80193
_d80193
008 201127b ||||| |||| 00| 0 eng d
040 _aISIL EINTRAGEN
_bger
_cSTAFF
_erda
041 _ager
100 _aMahlke, Lisa
245 _aMuslime und das Christfest
_bKennenlernen: Die Evangelische Kirchengemeinde und der CVJM haben zwei Praktikanten aus Syrien. Für drei Monate arbeiten sie zusammen.
773 _g31. Jahrgang (2020) Nr. 274 vom 24.11.2020, S. 15
_dFrankfurt (Oder) Märkisches Verlags- und Druckhaus GmbH & Co KG
_tMärkische Oderzeitung
942 _cA